header

Phishing exposed (Record no. 211428)

MARC details
000 -LEADER
fixed length control field 01090nam a2200313Ia 4500
082 04 - DEWEY DECIMAL CLASSIFICATION NUMBER
Classification number 364.16/8
100 1# - MAIN ENTRY--AUTHOR NAME
Personal name James, Lance.
245 10 - TITLE STATEMENT
Title Phishing exposed
260 ## - PUBLICATION, DISTRIBUTION, ETC. (IMPRINT)
Place of publication Rockland, Mass. :
Name of publisher Syngress Pub.,
Year of publication c2005.
300 ## - PHYSICAL DESCRIPTION
Number of Pages xviii, 395 p. :
Other physical details ill.
500 ## - GENERAL NOTE
General note Includes index.
650 #0 - SUBJECT ADDED ENTRY--TOPICAL TERM
Topical Term Identity theft.
Topical Term Internet fraud.
Topical Term Phishing.
856 40 - ELECTRONIC LOCATION AND ACCESS
Uniform Resource Identifier http://site.ebrary.com/lib/rucke/Doc?id=10110290

No items available.

© 2026 Rongo University
Contact us: librarian | system librarian | Rongo university